Modeli i algoritmy rešenija zadač bezopasnosti truda
Na minha lista:
| Autor principal: | |
|---|---|
| Formato: | Livro |
| Idioma: | russo |
| Publicado em: |
Riga
Zinatne
1978
|
| Tags: |
Sem tags, seja o primeiro a adicionar uma tag!
|
MARC
| LEADER | 00000nam a2200000 4500 | ||
|---|---|---|---|
| 001 | 0222760 | ||
| 005 | 20240822101701.8 | ||
| 041 | 0 | |a rus | |
| 044 | |a LV | ||
| 245 | 1 | 0 | |a Modeli i algoritmy rešenija zadač bezopasnosti truda |c Viktor Ivanovič Kozlov |
| 264 | 1 | |a Riga |b Zinatne |c 1978 | |
| 300 | |a 130 s. | ||
| 100 | 1 | |a Kozlov, Viktor Ivanovič | |